Diseño de sistema de abastecimiento de agua potable de la comunidad Los Chiles, municipio de San Carlos, departamento de Rio San Juan

El presente trabajo consiste en el diseño de sistema de abastecimiento de agua potable que satisfaga la necesidad de agua potable que presenta actualmente la comunidad Los Chiles del municipio de San Carlos departamento de Rio San Juan. En el que se valoran las características socioeconómicas y...

Full description

Bibliographic Details
Main Authors: Alegría Espinoza, Kenia Olibeyda, Mendieta Flores, Juan Cristóbal
Other Authors: Tutor: Baltodano Maldonado, José Ángel
Format: Tesis Section = Libro
Language:Undetermined
Spanish
Published: Managua UNI 2021
Subjects:
LEADER 01347nam a2200277Ia 4500
008 240830s9999 xx 000 0 und d
040 |a BIBLIOTECA-RUPAP Mon 628.72 A366 
041 |a spa 
082 |a Mon 628.72 A366 
100 1 |a Alegría Espinoza, Kenia Olibeyda 
100 1 |b Mendieta Flores, Juan Cristóbal 
245 1 0 |a Diseño de sistema de abastecimiento de agua potable de la comunidad Los Chiles, municipio de San Carlos, departamento de Rio San Juan 
260 |a Managua  |b UNI  |c 2021 
300 |a 123 p. :il. 
500 |a Contiene: anexos y CD. 
502 |a Tesis (Ingeniero Civil) -UNI, 2015. 
520 3 |a El presente trabajo consiste en el diseño de sistema de abastecimiento de agua potable que satisfaga la necesidad de agua potable que presenta actualmente la comunidad Los Chiles del municipio de San Carlos departamento de Rio San Juan. En el que se valoran las características socioeconómicas y topográficas de la comunidad, así como el acceso actual a las fuentes de abastecimiento superficiales y subterráneas. 
650 7 |a AGUA POTABLE 
650 7 |b  AGUA - ABASTECIMIENTO 
650 7 |c  CALIDAD DEL AGUA 
650 7 |d  DOTACION DE AGUA 
650 7 |e  TUBERIAS - DISEÑO Y CONSTRUCCION 
700 1 |a Tutor:  |b Baltodano Maldonado, José Ángel 
942 |c BK  |2 ddc 
991 |a TESIS 
999 |c 18896